| 000 | 00411nam a2200109Ia 4500 | ||
|---|---|---|---|
| 008 | 171204s9999 xx 000 0 und d | ||
| 245 | _aHandbook Of Tourism Economics: Analysis, New Applications And Case Studies | ||
| 245 | _cClement A Tisdell | ||
| 260 | _c2013 | ||
| 650 | _xEntrepreneurship and Feasibility Study for Tourism Industry | ||
| 856 | _uhttp://down.ebook777.com/027/HanOfTouEcoAnaNewAppAndCasStu.pdf | ||
| 999 |
_c346794 _d346794 |
||